Crime and deviance / (Record no. 14461)

000 -LEADER
fixed length control field 01924cam a2200361 a 4500
001 - CONTROL NUMBER
control field 15969180
005 - DATE AND TIME OF LATEST TRANSACTION
control field 20170105102855.0
008 - FIXED-LENGTH DATA ELEMENTS--GENERAL INFORMATION
fixed length control field 091102s2010 enka b 001 0 eng
010 ## - LIBRARY OF CONGRESS CONTROL NUMBER
LC control number 2009046194
020 ## - INTERNATIONAL STANDARD BOOK NUMBER
International Standard Book Number 9780230217829 (pbk.)
020 ## - INTERNATIONAL STANDARD BOOK NUMBER
International Standard Book Number 0230217826 (pbk.)
035 ## - SYSTEM CONTROL NUMBER
System control number (OCoLC)ocn317926945
040 ## - CATALOGING SOURCE
Original cataloging agency DLC
Transcribing agency DLC
Modifying agency BTCTA
-- YDXCP
-- C#P
-- BWX
-- CDX
-- VP@
-- DLC
050 00 - LIBRARY OF CONGRESS CALL NUMBER
Classification number HV6025
Item number .L35 2010
082 00 - DEWEY DECIMAL CLASSIFICATION NUMBER
Classification number 364
Edition number 22
100 1# - MAIN ENTRY--PERSONAL NAME
Personal name Lawson, Tony,
Dates associated with a name 1950-
245 10 - TITLE STATEMENT
Title Crime and deviance /
Statement of responsibility, etc. Tony Lawson and Tim Heaton.
250 ## - EDITION STATEMENT
Edition statement 2nd ed.
260 ## - PUBLICATION, DISTRIBUTION, ETC.
Place of publication, distribution, etc. Basingstoke ;
-- New York :
Name of publisher, distributor, etc. Palgrave Macmillan,
Date of publication, distribution, etc. 2010.
300 ## - PHYSICAL DESCRIPTION
Extent viii, 344 p. :
Other physical details ill. ;
Dimensions 24 cm.
490 1# - SERIES STATEMENT
Series statement Skills-based sociology
504 ## - BIBLIOGRAPHY, ETC. NOTE
Bibliography, etc. note Includes bibliographical references (p. 299-333) and index.
505 0# - FORMATTED CONTENTS NOTE
Formatted contents note Introducing the sociology of crime and deviance -- Crime statistics -- Sociocultural explanations of crime and deviance -- Interactionist explanations of crime and deviance -- Conflict explanations of crime and deviance -- Realist explanations of crime and deviance -- Crime, deviance and ethnicity -- Crime, deviance and gender -- Criminal justice and the victims of crime.
520 ## - SUMMARY, ETC.
Summary, etc. From surveillance to terrorism and green crime to state crime, this exciting new edition offers an updated survey of key areas in the sociology of crime and deviance. Analysis of recent studies and accessible theory is combined with a variety of activities to provide an invaluable introduction to this popular topic for all students of sociology --Provided by publisher.
650 #0 - SUBJECT ADDED ENTRY--TOPICAL TERM
Topical term or geographic name entry element Crime
General subdivision Sociological aspects.
650 #0 - SUBJECT ADDED ENTRY--TOPICAL TERM
Topical term or geographic name entry element Criminology.
650 #0 - SUBJECT ADDED ENTRY--TOPICAL TERM
Topical term or geographic name entry element Deviant behavior.
700 1# - ADDED ENTRY--PERSONAL NAME
Personal name Heaton, Tim,
Dates associated with a name 1965-
830 #0 - SERIES ADDED ENTRY--UNIFORM TITLE
Uniform title Skills-based sociology.
906 ## - LOCAL DATA ELEMENT F, LDF (RLIN)
a 7
b cbc
c orignew
d 1
e ecip
f 20
g y-gencatlg
942 ## - ADDED ENTRY ELEMENTS (KOHA)
Source of classification or shelving scheme
Koha item type Book
Holdings
Withdrawn status Lost status Damaged status Not for loan Collection code Permanent Location Current Location Shelving location Date acquired Total Checkouts Full call number Barcode Date last seen Price effective from Koha item type
          Centre for International Peace & Stability (CIPS) Centre for International Peace & Stability (CIPS) General Stacks 09/02/2013   364 LAW 2010 CIPS0000827 09/02/2013 09/02/2013 Book
© 2023 Central Library, National University of Sciences and Technology. All Rights Reserved.